Normal view
MARC view
- Ammara Atif, Maryam Shabbir
Entry Personal Name
001 - CONTROL NUMBER
- control field: 92463
003 - CONTROL NUMBER IDENTIFIER
- control field: NUST
005 - DATE AND TIME OF LATEST TRANSACTION
- control field: 20220703153911.0
008 - FIXED-LENGTH DATA ELEMENTS
- fixed length control field: 220703|| aca||aabn | a|a d
040 ## - CATALOGING SOURCE
- Original cataloging agency: NUST
- Transcribing agency: NUST
100 ## - HEADING--PERSONAL NAME
- Personal name: Ammara Atif, Maryam Shabbir
670 ## - SOURCE DATA FOUND
- Source citation: Work cat.: (NUST)9170: Aeman Kaleem 92462, Signaling System 7 (SS7) modelings, 2007.
